| 000 | 00704nam a2200241 i 4500 | ||
|---|---|---|---|
| 001 | bg | ||
| 100 | 1 | _aRANATOWSKI, Eugeniusz | |
| 245 | 1 | 0 |
_aElementy fizyki spajania metali / _cEugeniusz Ranatowski. |
| 260 |
_aBydgoszcz : _bWydawnictwa Uczelniane Akademii Techniczno-Rolniczej, _c1999. |
||
| 300 |
_a292 s. : _brys., wykr. ; _c24 cm. |
||
| 500 | _aStreszcz. ang. | ||
| 504 | _aBibliogr. s. 275-281. | ||
| 650 | 9 |
_aLutowanie _xfizyka |
|
| 650 | 9 |
_aSpawanie _xfizyka |
|
| 650 | 9 |
_aZgrzewanie _xfizyka |
|
| 020 | _a8387274127 | ||
| 040 | _cBPK | ||
| 041 | 0 |
_apl _ben |
|
| 080 | _a621.791/.795:539.3/.6+536 | ||
| 920 | _a83-87274-12-7 | ||
| 942 | _cKS | ||
| 008 | s pl f |000 0 pol | ||
| 999 |
_c38358 _d38358 |
||
| 856 |
_uhttp://koha.tu.koszalin.pl/cgi-bin/koha/opac-detail.pl?biblionumber=38358 _yKatalog online BPK |
||